|
|
|
|
| LEADER |
00000nla2a2200000 4500 |
| 001 |
237746 |
| 005 |
20231031204922.0 |
| 035 |
|
|
|a (RuTPU)RU\TPU\book\258921
|
| 035 |
|
|
|a RU\TPU\book\258855
|
| 090 |
|
|
|a 237746
|
| 100 |
|
|
|a 20130517d2012 k y0rusy50 ca
|
| 101 |
0 |
|
|a rus
|
| 102 |
|
|
|a RU
|
| 105 |
|
|
|a y z 101zy
|
| 135 |
|
|
|a drcn ---uucaa
|
| 181 |
|
0 |
|a i
|
| 182 |
|
0 |
|a b
|
| 200 |
1 |
|
|a Экогеохимическая характеристика лишайников территории НГДК Томской области
|b Электронный ресурс
|f Т. С. Большунова
|g науч. рук. Л. П. Рихванов
|
| 203 |
|
|
|a Текст
|c электронный
|
| 215 |
|
|
|a 1 файл (451 Кб)
|
| 225 |
1 |
|
|a Геоэкология, охрана и защита окружающей среды
|
| 230 |
|
|
|a Электронные текстовые данные (1 файл : 451 Кб)
|
| 300 |
|
|
|a Заглавие с титульного листа
|
| 320 |
|
|
|a [Библиогр.: с. 509 (8 назв.)]
|
| 337 |
|
|
|a Adobe Reader
|
| 461 |
|
1 |
|0 (RuTPU)RU\TPU\book\252494
|t Проблемы геологии и освоения недр
|o труды XVI Международного симпозиума имени академика М. А. Усова студентов и молодых ученых, Томск, 2-7 апреля 2012 г.
|o в 2 т.
|f Национальный исследовательский Томский политехнический университет (ТПУ), Институт природных ресурсов (ИПР) ; Общество инженеров-нефтяников, Студенческий чаптер ; под ред. О. Г. Савичева
|d 2012
|
| 463 |
|
1 |
|0 (RuTPU)RU\TPU\book\252518
|t Т. 2
|v [С. 507-509]
|d 2012
|
| 610 |
1 |
|
|a труды учёных ТПУ
|
| 610 |
1 |
|
|a электронный ресурс
|
| 610 |
1 |
|
|a экогеохимические характеристики
|
| 610 |
1 |
|
|a лишайники
|
| 610 |
1 |
|
|a НГДК
|
| 610 |
1 |
|
|a нефтегазодобывающий комплекс
|
| 610 |
1 |
|
|a Томская область
|
| 700 |
|
1 |
|a Большунова
|b Т. С.
|
| 702 |
|
1 |
|a Рихванов
|b Л. П.
|c российский ученый, геолог
|c профессор Томского политехнического университета, доктор геолого-минералогических наук
|c заслуженный геолог РФ
|c почетный работник высшего образования РФ
|f 1945-
|g Леонид Петрович
|2 stltpush
|4 727
|
| 801 |
|
1 |
|a RU
|b 63413507
|c 20130205
|
| 801 |
|
2 |
|a RU
|b 63413507
|c 20130517
|g RCR
|
| 856 |
4 |
|
|u http://www.lib.tpu.ru/fulltext/c/2012/C11/V2/237.pdf
|
| 942 |
|
|
|c CF
|